|
|
|
|
| LEADER |
00613cam a2200181 7i4500 |
| 001 |
0000015458 |
| 005 |
20050510090000.0 |
| 090 |
0 |
0 |
|a NETH 338.7025
|b KOM
|
| 245 |
0 |
0 |
|a Kompass :
|b Netherlands 2004.
|
| 260 |
0 |
0 |
|a Nieuwegeinl:
|b Kompass Netherlands,
|c 2004.
|
| 300 |
# |
# |
|a 992 p.
|
| 500 |
0 |
0 |
|a Company information
|
| 500 |
0 |
0 |
|a Products and services
|
| 650 |
0 |
0 |
|a Business --
|x Directories --
|z Netherlands
|
| 650 |
0 |
0 |
|a Importers --
|x Directories --
|z Netherlands
|
| 650 |
0 |
0 |
|a Exporters --
|x Directories --
|z Netherlands
|
| 651 |
0 |
0 |
|a Netherlands
|
| 999 |
|
|
|a PNG000235B
|b Directories
|c Countries
|e MATRADE Northern Regional Office
|